| 000 | 01088nam a2200277Ia 4500 | ||
|---|---|---|---|
| 001 | ebr10185515 | ||
| 003 | CaPaEBR | ||
| 006 | m u | ||
| 007 | cr cn||||||||| | ||
| 008 | 070112s2007 enk s 000 0 eng d | ||
| 020 | _z9781846634260 | ||
| 040 |
_aCaPaEBR _cCaPaEBR |
||
| 035 | _a(OCoLC)648296788 | ||
| 050 | 1 | 4 |
_aZ666.7 _bM48 2007eb |
| 245 | 0 | 0 |
_aMetadata and semantics for digital libraries and information centres _h[electronic resource] / _cguest editor David Raitt. |
| 260 |
_aBradford : _bEmerald Group Press, _cc2007. |
||
| 300 | _a137 p. | ||
| 490 | 0 |
_aThe Electronic Library ; _v25, no. 2 |
|
| 533 |
_aElectronic reproduction. _bPalo Alto, Calif. : _cebrary, _d2009. _nAvailable via World Wide Web. _nAccess may be limited to ebrary affiliated libraries. |
||
| 650 | 0 | _aMetadata. | |
| 650 | 0 | _aManagement information systems. | |
| 655 | 7 |
_aElectronic books. _2local |
|
| 700 | 1 | _aRaitt, David. | |
| 710 | 2 | _aebrary, Inc. | |
| 856 | 4 | 0 |
_uhttp://site.ebrary.com/lib/rucke/Doc?id=10185515 _zAn electronic book accessible through the World Wide Web; click to view |
| 999 |
_c240171 _d240171 |
||